[Event "Mlada Boleslav op"]
[Site "Mlada Boleslav"]
[Date "1994.??.??"]
[Round "3"]
[White "Oral, Tomas"]
[Black "Jaracz, Pawel"]
[Result "1-0"]
[WhiteElo "2380"]
[BlackElo "2415"]

1.e4 c5 2.Nf3 e6 3.d4 cxd4 4.Nxd4 a6 5.Bd3 Bc5 6.Nb3 Ba7 7.Qe2 Nc6 8.Be3 d6
9.a4 Nf6 10.Bxa7 Rxa7 11.Nc3 b6 12.O-O O-O 13.f4 Bb7 14.Rf3 e5 15.Raf1 Re8
16.Nd5 Nxd5 17.exd5 exf4 18.Bxh7+ Kxh7 19.Rh3+ Kg8 20.Qh5 f6 21.dxc6 Bxc6
22.Nd4 Be4 23.Rxf4 Qa8 24.Rg4 g5 25.Rxe4 Qxe4 26.Qh8+ Kf7 27.Rh7+ Kg6 28.Rh6+  1-0

[Event "Mlada Boleslav op"]
[Site "Mlada Boleslav"]
[Date "1994.??.??"]
[Round "6"]
[White "Apel, Stefan"]
[Black "Kacheishvili, Giorgi"]
[Result "0-1"]
[WhiteElo "2310"]
[BlackElo "2420"]

1.e4 c5 2.Nf3 e6 3.d4 cxd4 4.Nxd4 a6 5.Bd3 Nf6 6.O-O d6 7.c4 b6 8.Nc3 Bb7
9.f4 Nbd7 10.Qe2 g6 11.Nf3 Bg7 12.f5 O-O 13.Bg5 Qc7 14.Rad1 Rae8 15.fxg6 fxg6
16.Bc2 Ng4 17.Bb3 Nde5 18.Kh1 Nxf3 19.Rxf3 Rxf3 20.Qxf3 h5 21.Qe2 d5 22.g3 d4
23.Na4 d3 24.Rxd3 Bxe4+ 25.Kg1 Bxd3 26.Qxd3 b5 27.cxb5 axb5 28.Qxb5 Qa7+
29.Nc5 Bd4+ 30.Kg2 Rb8 31.Qd3 Qxc5 32.Qxg6+ Bg7 33.Bxe6+ Kh8 34.Qxh5+ Nh6
35.Kh3 Qc6 36.Bb3 Rb5 37.Kh4 Rxg5  0-1

[Event "Mondariz op"]
[Site "Mondariz"]
[Date "1994.??.??"]
[Round "?"]
[White "Adla, Diego"]
[Black "Paramos Dominguez, Roberto"]
[Result "1-0"]
[WhiteElo "2430"]
[BlackElo "2355"]

1.e4 c5 2.Nf3 e6 3.d4 cxd4 4.Nxd4 a6 5.Bd3 Nf6 6.O-O d6 7.c4 Be7 8.Nc3 O-O
9.Kh1 Qc7 10.f4 Nbd7 11.Qe2 b6 12.Bd2 Bb7 13.Rae1 Rfd8 14.b4 g6 15.f5 exf5
16.exf5 Re8 17.fxg6 hxg6 18.Bxg6 fxg6 19.Qe6+ Kg7 20.Qh3 Nf8 21.Bh6+ Kg8
22.Ne6 Qxc4 23.Bxf8 Ng4 24.Rf7 Bxg2+ 25.Kxg2 Kxf7 26.Qh7+ Kf6 27.Qg7+ Kf5
28.Bxe7 Rxe7 29.Qxe7 Qc6+ 30.Kg1  1-0

[Event "Montecatini Terme op"]
[Site "Montecatini Terme"]
[Date "1994.??.??"]
[Round "?"]
[White "Ioseliani, Nana"]
[Black "Lau, Ralf"]
[Result "0-1"]
[WhiteElo "2435"]
[BlackElo "2515"]

1.e4 c5 2.Nf3 e6 3.d4 cxd4 4.Nxd4 a6 5.Bd3 g6 6.O-O Bg7 7.Ne2 Nc6 8.c4 Nf6
9.Nbc3 O-O 10.Bc2 Ng4 11.Bf4 Nge5 12.b3 b5 13.cxb5 axb5 14.Rc1 Ba6 15.Re1 b4
16.Na4 d5 17.exd5 exd5 18.Bb1 Re8 19.Qd2 d4 20.Ng3 d3 21.Bg5 f6 22.Be3 f5
23.a3 bxa3 24.Ba2 Nd4 25.b4+ Kh8 26.Bxd4 Qxd4 27.Nc5 Qb2 28.Qxb2 axb2 29.Rb1 d2
30.Red1  0-1

[Event "Moscow ol (Women)"]
[Site "Moscow"]
[Date "1994.??.??"]
[Round "1"]
[White "Sepulveda, Leticia Ines"]
[Black "Bojkovic, Natasa"]
[Result "1/2-1/2"]
[WhiteElo "2035"]
[BlackElo "2440"]

1.e4 c5 2.Nf3 e6 3.d4 cxd4 4.Nxd4 a6 5.Bd3 Nf6 6.O-O Qc7 7.Be3 Bd6 8.f4 Bc5
9.c3 d6 10.Nc2 e5 11.fxe5 dxe5 12.b3  1/2-1/2

[Event "Moscow ol (Women)"]
[Site "Moscow"]
[Date "1994.??.??"]
[Round "4"]
[White "Aslanian, Ludmila K"]
[Black "Arakhamia, Ketevan"]
[Result "0-1"]
[WhiteElo "2230"]
[BlackElo "2450"]

1.e4 c5 2.Nf3 e6 3.d4 cxd4 4.Nxd4 a6 5.Bd3 Nf6 6.O-O d6 7.c4 g6 8.Nc3 Bg7
9.Be3 O-O 10.h3 Nbd7 11.Nf3 Qc7 12.Rc1 b6 13.Qe2 Bb7 14.Rfd1 Rac8 15.b3 Qb8
16.Bb1 Nc5 17.Bf4 e5 18.Bg5 Ne6 19.Be3 Nc5 20.Bg5 Rfe8 21.Qe3 Nh5 22.Qd2 Bf8
23.Nd5 Bxd5 24.cxd5 Be7 25.Bxe7 Rxe7 26.b4 Na4 27.Rxc8+ Qxc8 28.Rc1 Rc7 29.Rxc7 Qxc7
30.Bd3 b5 31.g3 Kg7 32.Kg2 Nf6 33.a3 h6 34.Qc2 Qxc2 35.Bxc2 Nb2 36.Nd2 Nd7
37.Kf3 Nb6 38.Ke2 Kf8 39.f4 Nd7 40.fxe5 Nxe5 41.Nb1 Ke7 42.Nc3 Kf6 43.a4 bxa4
44.Bxa4 Ned3 45.Na2 Nxb4 46.Nxb4 Nxa4 47.Nxa6 Ke5 48.Ke3 f5 49.exf5 gxf5
50.Nb4 Nc3 51.Nd3+ Kxd5 52.Kf4 Ke6 53.g4 Nd5+ 54.Kf3 Kf6 55.gxf5 Kxf5 56.Nb2 Nf6
57.Nc4 d5 58.Nd6+ Ke6 59.Nb5 Ke5 60.Ke3 Ne4 61.Nd4 Ng5 62.h4 Ne6 63.Nc6+ Kd6
64.Nb4 Kc5 65.Nd3+ Kc4 66.Kd2 Kd4 67.Nf2 Nc5 68.Ng4 h5 69.Ne3 Ke4 70.Nf1 Kf4
71.Ne3 d4 72.Nc2 Ne6 73.Kd3 Kg4 74.Ke4 Kxh4 75.Ke5 d3 76.Ne3 Kg3 77.Kxe6 Kf3
78.Nc4 h4 79.Kf5 h3 80.Ne5+ Ke2  0-1

[Event "Moscow ol (Men)"]
[Site "Moscow"]
[Date "1994.??.??"]
[Round "5"]
[White "Thipsay, Praveen Mahadeo"]
[Black "Ahmed, Esam Aly"]
[Result "1-0"]
[WhiteElo "2505"]
[BlackElo "2400"]

1.e4 c5 2.Nf3 e6 3.d4 cxd4 4.Nxd4 a6 5.Bd3 g6 6.Be3 Bg7 7.O-O Nc6 8.Nxc6 bxc6
9.Nc3 d6 10.Na4 Rb8 11.c4 Ne7 12.Qd2 O-O 13.Rfd1 d5 14.Bh6 e5 15.Bxg7 Kxg7
16.cxd5 cxd5 17.exd5 Qxd5 18.Qe1 Qe6 19.Nc5 Qf6 20.b3 Nf5 21.Bxf5 Qxf5 22.Rd6 Rb5
23.Nxa6 Bb7 24.Qe2 Qg5 25.f3 e4 26.fxe4 Re8 27.h4 Qe5 28.Rad1 Qxe4 29.Qxe4 Rxe4
30.R1d2 Rxh4 31.Rc2 Rg4 32.Nc7 Rbg5 33.Ne6+ fxe6 34.Rd7+ Kf6 35.Rxb7 h5 36.b4 h4
37.Kh2 Rd4 38.a4 Rgg4 39.Rb2 Rd3 40.a5 Ra3 41.Rc7 Re4 42.Rc1 Re5 43.Rcb1 Rd5
44.Rb3 Ra4 45.Rf3+ Ke7 46.Rf4 g5 47.Re4 Rdxa5 48.bxa5 Rxe4 49.Ra1 Rd4 50.a6 Rd8
51.a7 Ra8 52.Kh3 Kd6 53.Kg4 Ke5 54.Ra4 Kd5 55.Kxg5 e5 56.Kxh4 e4 57.Kg3 Ke5
58.Kf2 Kf4 59.g3+ Kf5 60.Ke3  1-0

[Event "Moscow ol (Women)"]
[Site "Moscow"]
[Date "1994.??.??"]
[Round "6"]
[White "Arakhamia, Ketevan"]
[Black "Qin Kanying"]
[Result "1-0"]
[WhiteElo "2450"]
[BlackElo "2375"]

1.e4 c5 2.Nf3 e6 3.d4 cxd4 4.Nxd4 a6 5.Bd3 Nf6 6.O-O d6 7.c4 Be7 8.Nc3 O-O
9.Qe2 Re8 10.Be3 Nbd7 11.f4 Qc7 12.Kh1 b6 13.Rae1 Bb7 14.Bg1 Nf8 15.Qe3 N6d7
16.Qh3 Bf6 17.Nde2 Rac8 18.Rd1 Ng6 19.Be3 Bc6 20.b4 Bb7 21.Rc1 Qb8 22.Rfd1 Red8
23.Qg4 Qa8 24.Re1 Ngf8 25.Bf2 Be7 26.Ng3 Re8 27.a3 Bc6 28.Nh5 g6 29.Bd4 e5
30.fxe5 dxe5 31.Be3 Kh8 32.Ng3 f5 33.exf5 Bxg2+ 34.Kg1 Nf6 35.Qe2 Bf3 36.Qf1 N8d7
37.Bg5 e4 38.Ncxe4 Nxe4 39.Bxe4 Bxe4 40.Nxe4 Bf8 41.fxg6 Bg7 42.Qh3 Nf8 43.Nf6 Rxe1+
44.Rxe1 Qc6 45.Nxh7 Bd4+ 46.Be3 Qxg6+ 47.Ng5+ Kg8 48.Bxd4 Qxg5+ 49.Kh1 Rxc4
50.Rg1 Rc1 51.Qb3+ Kh7 52.Qf7+  1-0

[Event "Moscow ol (Men)"]
[Site "Moscow"]
[Date "1994.??.??"]
[Round "8"]
[White "Mamombe, Kudzanai"]
[Black "Daly, Colm"]
[Result "0-1"]
[WhiteElo "2120"]
[BlackElo "2265"]

1.e4 c5 2.Nf3 e6 3.d4 cxd4 4.Nxd4 a6 5.Bd3 Nf6 6.Nc3 d6 7.Be3 Be7 8.f3 b5
9.Qd2 Bb7 10.g4 Nc6 11.O-O-O Rc8 12.Kb1 O-O 13.h4 Nd7 14.g5 Nde5 15.Qg2 b4
16.Nce2 Nxd3 17.cxd3 d5 18.h5 Nxd4 19.Bxd4 dxe4 20.dxe4 Qc7 21.Rc1 Qd6 22.Rcd1 Rfd8
23.Qg1 Qc6 24.Nc1 a5 25.g6 fxg6 26.hxg6 h6 27.Qf2 a4 28.b3 axb3 29.axb3 Rxd4
30.Rxd4 Bc5 31.Na2 e5 32.Nxb4 Qb6  0-1

[Event "Moscow ol (Men)"]
[Site "Moscow"]
[Date "1994.??.??"]
[Round "8"]
[White "Zadrima, Aldo"]
[Black "Adianto, Utut"]
[Result "0-1"]
[WhiteElo "2260"]
[BlackElo "2520"]

1.e4 c5 2.Nf3 e6 3.d4 cxd4 4.Nxd4 a6 5.Bd3 g6 6.O-O Bg7 7.c3 Nc6 8.Nxc6 bxc6
9.Qe2 d5 10.Be3 Nf6 11.Bc5 Nd7 12.Ba3 Bf8 13.Bxf8 Kxf8 14.Nd2 Kg7 15.Rfd1 e5
16.c4 d4 17.b4 c5 18.a3 a5 19.bxa5 Rxa5 20.Rdb1 Ra7 21.Qd1 Bb7 22.f3 Bc6
23.Qc1 h5 24.Rb3 h4 25.Rab1 Qe7 26.Nf1 Rha8 27.Ra1 Nf8 28.Ra2 Ne6 29.g3 Ng5
30.Nd2 hxg3 31.hxg3 Rh8 32.Bf1 Ne6 33.Rb6 Qg5 34.Qe1 Ba4 35.Rab2 Qh5 36.Bg2 Ng5
37.Kf2 Qh2 38.Qf1 Rh3 39.g4 Rg3 40.Qh1 Nh3+ 41.Kf1 Qxh1+  0-1

[Event "Moscow op"]
[Site "Moscow"]
[Date "1994.??.??"]
[Round "9"]
[White "Stripunsky, Alexander"]
[Black "Lastin, Alexander"]
[Result "1/2-1/2"]
[WhiteElo "2510"]
[BlackElo "2335"]

1.e4 c5 2.Nf3 e6 3.d4 cxd4 4.Nxd4 a6 5.Bd3 Nf6 6.O-O Qc7 7.Be3 Nc6 8.Nc3 h5
9.h3 b5 10.Nxc6 Qxc6 11.a3 Bb7 12.Bg5 Bc5 13.Re1 d6 14.Bxf6 gxf6 15.Nd5 Kd8
16.Qf3 f5 17.c4 bxc4 18.Bxc4 exd5 19.Bxd5 Qb6 20.Qxf5 Bxd5 21.exd5 Qxb2 22.Rab1 Qxf2+
23.Qxf2 Bxf2+ 24.Kxf2 Re8 25.Kg3 Rc8 26.Rf1 Re7 27.Rb6 Rc3+ 28.Rf3 Rxf3+
29.Kxf3 Re5 30.Rxd6+ Ke7 31.Rxa6 Rxd5 32.Ra4 Kf6 33.Rf4+ Kg6 34.Ke3 Rg5 35.Kf2 Rc5
36.Re4 Kf5 37.Re2 Rc4 38.Ra2 Ra4 39.Ke3 h4 40.Kd3 Kf4 41.Kc3 Kg3 42.Kb3 Ra8
43.a4 f5 44.a5 f4 45.Kb4 f3 46.gxf3 Kxh3 47.a6 Kg3 48.Ra3 h3 49.Ka5 h2 50.f4+ Kg4
51.Ra1  1/2-1/2

[Event "Moscow ol (Women)"]
[Site "Moscow"]
[Date "1994.??.??"]
[Round "10"]
[White "Tverskaya, Julia"]
[Black "Bellin, Jana"]
[Result "0-1"]
[WhiteElo "2155"]
[BlackElo "2210"]

1.e4 c5 2.Nf3 e6 3.d4 cxd4 4.Nxd4 a6 5.Bd3 Nf6 6.O-O d6 7.c4 Qc7 8.Qe2 Nbd7
9.Nc3 g6 10.Nf3 Bg7 11.Bf4 O-O 12.Rac1 Nh5 13.Be3 b6 14.Rfd1 Bb7 15.Bb1 Rfe8
16.Qd2 Bf8 17.b3 Rad8 18.Bg5 Nhf6 19.Qf4 Be7 20.Qh4 Kg7 21.Rd3 h5 22.Nd4 Nf8
23.Rh3 N8h7 24.f4 Nxg5 25.fxg5 Nh7 26.Nf3 Nxg5 27.Nxg5 Qc5+ 28.Qf2 Bxg5 29.Rd1 Qxf2+
30.Kxf2 Be7 31.Rhd3 Rc8 32.g3 Rc7 33.Ke3 Rec8 34.a4 f5 35.exf5 gxf5 36.h4 d5
37.Ba2 Kf6 38.Ne2 Bc5+ 39.Kd2 dxc4 40.bxc4 Be4 41.Rb3 Rd7+ 42.Kc1 Rxd1+ 43.Kxd1 Rd8+
44.Kc1 Bd3 45.Nf4 Bxc4 46.Nxh5+ Kf7 47.Rb2 Be3+ 48.Kc2 Rd2+ 49.Kc3 Rxb2 50.Bxc4 Rh2
51.Kd3 Bc1 52.Bxa6 Kg6 53.Nf4+ Bxf4 54.gxf4 Rxh4 55.Ke3 Kf6 56.Bb5 e5 57.fxe5+ Kxe5
58.Kf3 Rh3+ 59.Kg2 Ra3 60.Bd7 Ke4 61.Bc6+ Ke3  0-1

[Event "Moscow ol (Women)"]
[Site "Moscow"]
[Date "1994.??.??"]
[Round "12"]
[White "Roschina, Tatiana"]
[Black "Kunte, Abhijit"]
[Result "1-0"]
[WhiteElo "2180"]
[BlackElo "2190"]

1.e4 c5 2.Nf3 e6 3.d4 cxd4 4.Nxd4 a6 5.Bd3 Qc7 6.O-O Nf6 7.Qe2 d6 8.f4 Nc6
9.Nxc6 bxc6 10.c4 Nd7 11.Nc3 Be7 12.Be3 e5 13.f5 Nf6 14.Rac1 Rb8 15.Kh1 Qb7
16.b3 Qa8 17.Na4 c5 18.Bg5 Bd7 19.Nc3 Bc6 20.Rcd1 h6 21.Bh4 Qa7 22.Bc2 Nh7
23.f6 gxf6 24.Qh5 Kd7 25.Nd5 Bxd5 26.exd5 Ng5 27.Bf5+ Kc7 28.Bf2 Qb7 29.h4 Rbf8
30.Qe2 Nh7 31.Qd3 Ng5 32.hxg5 hxg5+ 33.Kg1 Rh6 34.Bg3 Rfh8 35.a3 a5 36.Rb1 Qa7
37.Bh3 Qa8 38.Qf5 Qd8 39.b4 g4 40.Bxg4 Rg6 41.Be1 Rg5 42.Qf3 Qg8 43.Bh3 a4
44.bxc5 Qh7 45.Ba5+  1-0

[Event "Moscow ol (Women)"]
[Site "Moscow"]
[Date "1994.??.??"]
[Round "12"]
[White "Velikhanli, Firuza"]
[Black "Bojkovic, Natasa"]
[Result "0-1"]
[WhiteElo "2315"]
[BlackElo "2440"]

1.e4 c5 2.Nf3 e6 3.d4 cxd4 4.Nxd4 a6 5.Bd3 Bc5 6.Nb3 Ba7 7.c4 Nc6 8.O-O Nge7
9.Nc3 O-O 10.Kh1 d6 11.f4 f5 12.Qe2 fxe4 13.Nxe4 Nf5 14.Ng5 Qf6 15.g4 b5
16.gxf5 exf5 17.Bd2 Bb7 18.Nf3 Rae8 19.Qg2 Qxb2 20.cxb5 axb5 21.Bxb5 Re4
22.Rac1 Nd8 23.Bc3 Qxg2+ 24.Kxg2 Ne6 25.Bd2 Nxf4+ 26.Bxf4 Rxf4 27.Bc6 Bxc6
28.Rxc6 Re8 29.Rc2 g5 30.Rd2 Rg4+ 31.Kh1 Rf4 32.Rxd6 Rxf3 33.Rxf3 Re1+ 34.Kg2 Rg1+
35.Kh3 g4+ 36.Kh4 gxf3 37.Rd8+ Kf7 38.Rd7+ Ke6 39.Rxa7 f2 40.Ra6+ Kd5 41.Ra5+ Ke6
42.Ra6+ Kd5 43.Nd2 Rd1 44.Nf1 Rxf1 45.Kg3 Rh1 46.Kxf2 Rxh2+ 47.Kg3 Rb2 48.Ra5+ Ke4
49.Ra4+ Ke5 50.Ra5+ Kf6 51.a4 Kg5 52.Ra8 Rb3+ 53.Kf2 Kf4 54.a5 Rb2+ 55.Kg1 Ra2
56.a6 Kf3 57.a7 f4 58.Kh1 Ra1+ 59.Kh2 h5 60.Rb8 Rxa7 61.Rb3+ Kg4 62.Rc3 Re7
63.Ra3 Re3 64.Ra8 Kf3 65.Rf8 Re4 66.Kg1 Ra4 67.Rb8 Ra1+ 68.Kh2 Re1 69.Rf8 Re2+
70.Kg1 Rg2+ 71.Kh1 Rg4 72.Ra8 Kg3 73.Kg1 Rg7 74.Ra3+ Kg4 75.Kg2 Rd7 76.Rb3 Rd2+
77.Kg1 Re2 78.Ra3 Re3 79.Ra8 Kg3 80.Kf1 Rb3 81.Ke2 f3+ 82.Kd2 Kg2 83.Rg8+ Kh2
84.Rh8 f2 85.Rxh5+ Kg2 86.Rg5+ Rg3  0-1

[Event "Moscow ol (Men)"]
[Site "Moscow"]
[Date "1994.??.??"]
[Round "13"]
[White "Rodriguez, Amador"]
[Black "Ionescu, Constantin"]
[Result "0-1"]
[WhiteElo "2515"]
[BlackElo "2465"]

1.e4 c5 2.Nf3 e6 3.d4 cxd4 4.Nxd4 a6 5.Bd3 g6 6.c4 Bg7 7.Nc2 Ne7 8.Nc3 Nbc6
9.O-O O-O 10.Bf4 d5 11.exd5 exd5 12.c5 b6 13.cxb6 Qxb6 14.Na4 Qa5 15.Ne3 Ne5
16.Bc2 d4 17.Bxe5 Qxe5 18.Nc4 Qg5 19.Nab6 Bb7 20.f3 Rad8 21.Bd3 Nf5 22.Qd2 Ne3
23.Rf2 Qe7 24.Re1 Rfe8 25.Ree2 Qc7 26.b3 Re6 27.Na4 Rd5 28.Nab2 Bh6 29.Qe1 Bf4
30.g4 Rg5 31.Nd1 Rxg4+ 32.fxg4 Qc6 33.Rg2 Nxg2 34.Rxe6 fxe6 35.Qa5 Bc7  0-1

[Event "Moscow ol (Women)"]
[Site "Moscow"]
[Date "1994.??.??"]
[Round "13"]
[White "Koskoska, Gabriela"]
[Black "Hamid, Rani"]
[Result "1/2-1/2"]
[WhiteElo "2155"]
[BlackElo "2150"]

1.e4 c5 2.Nf3 e6 3.d4 cxd4 4.Nxd4 a6 5.Bd3 Nf6 6.O-O d6 7.c4 Be7 8.Nc3 b6
9.f4 Bb7 10.Be3 Qc7 11.Rc1 Nbd7 12.b4 O-O 13.g4 Kh8 14.g5 Ng8 15.Rf3 e5 16.Rh3 g6
17.Qg4 exf4 18.Qh4 h6 19.Qxf4 Ne5 20.Be2 Qd7 21.Qg3 Rac8 22.gxh6 Kh7 23.Nf3 Nxf3+
24.Qxf3 b5 25.cxb5 axb5 26.Bxb5 Qe6 27.Nd5 Rxc1+ 28.Bxc1 Bxd5 29.exd5 Qe1+
30.Qf1 Qxb4 31.Bc4 Bf6 32.Rf3 Bd4+ 33.Kh1 Qb7 34.Qd3 Be5 35.Bb3 Qd7 36.Qf1 Qe7
37.Bd2 f5 38.Qg2 Qh4 39.Bg5 Qb4 40.Bc1 Qe1+ 41.Rf1 Qc3 42.Bd2 Qc7 43.Rc1 Qf7
44.Bg5 Rb8 45.Rc4 Rb7 46.Rc8 Nf6 47.Bxf6 Qxf6 48.Qc2 Qh4 49.Rc4 Qe1+ 50.Kg2 Re7
51.Qd1 Qe3 52.Rc2 Qf4 53.Qf3 Qxh2+ 54.Kf1 Qh4 55.Re2 Rc7 56.Rc2 Rxc2 57.Bxc2 Qc4+
58.Qd3 Qxa2 59.Kg2 Qa5 60.Kf3 Qb4 61.Qb3 Qg4+ 62.Kf2 Bd4+ 63.Ke1 Qg1+ 64.Kd2 Qf2+
65.Kc1 Qf4+ 66.Kd1 Bf2 67.Qd3  1/2-1/2

[Event "Muenster op"]
[Site "Muenster"]
[Date "1994.??.??"]
[Round "5"]
[White "Matthaei, Alexander"]
[Black "Hoffmann, Michael"]
[Result "1-0"]
[WhiteElo "2285"]
[BlackElo "2470"]

1.e4 c5 2.Nf3 e6 3.d4 cxd4 4.Nxd4 a6 5.Bd3 Nf6 6.O-O d6 7.c4 Nc6 8.Nb3 Ne5
9.f4 Nxd3 10.Qxd3 b5 11.cxb5 Qb6+ 12.Be3 Qxb5 13.Qc2 Bb7 14.Nc3 Qc4 15.Nd2 Qc6
16.Rac1 Be7 17.Qb3 Qd7 18.Nc4 O-O 19.Nb6 Qd8 20.Nxa8 Qxa8 21.Qa4 Bc6 22.Qd4 Nxe4
23.Nxe4 Bxe4 24.Qa7 Qxa7 25.Bxa7 f5 26.Bd4 g5 27.Rc7 Re8 28.g3 gxf4 29.gxf4 Kf7
30.Kf2 e5 31.fxe5 Ke6 32.exd6 Bh4+ 33.Kg1 Kxd6 34.Rxh7 Bg5 35.Rg7 Bh4 36.Rg6+ Kd5
37.Bf2 Bxf2+ 38.Rxf2 Rc8 39.Rd2+ Ke5 40.Rxa6 Rc1+ 41.Kf2 Kf4 42.Rh6  1-0

[Event "New York op"]
[Site "New York"]
[Date "1994.??.??"]
[Round "5"]
[White "Valvo, Michael J"]
[Black "Lobron, Eric"]
[Result "0-1"]
[WhiteElo "2365"]
[BlackElo "2570"]

1.e4 c5 2.Nf3 e6 3.d4 cxd4 4.Nxd4 a6 5.Bd3 Nf6 6.O-O Qc7 7.c4 d6 8.Nc3 g6
9.Be3 Bg7 10.Rc1 O-O 11.f3 Nbd7 12.Qd2 Rd8 13.Rfd1 b6 14.Bf1 Bb7 15.Qf2 Rac8
16.b4 Qb8 17.Nb3 Rc6 18.a4 Ba8 19.a5 bxa5 20.b5 axb5 21.Ba7 Qc8 22.Nxb5 a4
23.N3d4 Ra6 24.Nc2 Bh6 25.Rb1 Ne5 26.Nb4 Bxe4 27.Nxa6 Bxb1 28.Nb4 Bf5 29.Nxd6 Qa8
30.Nxf5 exf5 31.Rxd8+ Qxd8 32.Bd4 Nfg4 33.fxg4 Nxg4 34.Nc6 Qd6 35.Qh4 Bg7
36.Ne7+ Kf8 37.Bxg7+ Kxg7 38.Be2 Qd4+ 39.Kf1 Ne3+  0-1

[Event "New York op"]
[Site "New York"]
[Date "1994.??.??"]
[Round "9"]
[White "Moulin, Pierre"]
[Black "Nemet, Ivan"]
[Result "0-1"]
[WhiteElo "2280"]
[BlackElo "2425"]

1.e4 c5 2.Nf3 e6 3.d4 cxd4 4.Nxd4 a6 5.Bd3 Bc5 6.Nb3 Ba7 7.Nc3 Nc6 8.Qe2 d6
9.Be3 b5 10.O-O-O Nf6 11.g4 b4 12.Na4 O-O 13.Bg5 e5 14.Rhg1 Ne7 15.Bxf6 gxf6
16.Qd2 a5 17.Rg3 Ng6 18.Qh6 Re8 19.Bb5 Bd7 20.Rxd6 Bxb5 21.Rxd8 Rexd8 22.g5 fxg5
23.Qxg5 Bxa4 24.h4 Bxb3 25.axb3 a4 26.bxa4 Bxf2 27.Rg2 Bb6 28.b3 Rd6 29.h5 Rad8
30.c4 Rd3 31.c5 Bxc5 32.Rg3 Be3+ 33.Qxe3 Rxe3 34.Rxe3 Nf4 35.Rg3+ Kf8 36.Kc2 Rc8+
37.Kd2 Ne6 38.h6 Nd4 39.Rg7 Nxb3+ 40.Kd1 Rc1+ 41.Ke2 Nd4+ 42.Kd2 Rc2+ 43.Kd3 Rc3+
44.Kd2 Ne6  0-1

[Event "Niedersachsen-Baden"]
[Site "Niedersachsen"]
[Date "1994.??.??"]
[Round "?"]
[White "Renner, Kai"]
[Black "Schneider, B."]
[Result "1-0"]
[WhiteElo "2400"]
[BlackElo "2290"]

1.e4 c5 2.Nf3 e6 3.d4 cxd4 4.Nxd4 a6 5.Bd3 Qc7 6.O-O Nf6 7.Qe2 Nc6 8.Nxc6 dxc6
9.e5 Nd7 10.Re1 Nc5 11.Nc3 Bd7 12.Bf4 Rc8 13.Rad1 Be7 14.Qg4 g5 15.Bc1 h5
16.Qe2 b5 17.b3 b4 18.Nb1 Nxd3 19.Qxd3 c5 20.Nd2 Bc6 21.Nc4 Ra8 22.Qg3 h4
23.Qg4 h3 24.Bxg5 hxg2 25.Bxe7 Kxe7 26.Qg5+ Kf8 27.Rd6 Rg8 28.Qh6+ Rg7 29.Re3  1-0

[Event "Niksic"]
[Site "Niksic"]
[Date "1994.??.??"]
[Round "?"]
[White "Nikac, Predrag"]
[Black "Tringov, Georgi P"]
[Result "0-1"]
[WhiteElo "2260"]
[BlackElo "2430"]

1.e4 c5 2.Nf3 e6 3.d4 cxd4 4.Nxd4 a6 5.Bd3 Bc5 6.Nb3 Ba7 7.Qe2 Nc6 8.Be3 d6
9.Nc3 Nf6 10.O-O-O Bxe3+ 11.Qxe3 e5 12.Be2 Be6 13.g4 O-O 14.g5 Ne8 15.Nd5 Bxd5
16.exd5 Ne7 17.h4 Ng6 18.Kb1 Nf4 19.Bf3 f6 20.gxf6 Qxf6 21.Be4 Rc8 22.h5 Qf7
23.Qb6 Nf6 24.f3 Qc7 25.Qxc7 Rxc7 26.h6 g6 27.Na5 N4h5 28.Bd3 Ne8 29.c4 Ng3
30.Rh3 Nf5 31.b4 Nd4 32.Be4 Nf6 33.c5 Nxe4 34.fxe4 dxc5 35.d6 Rcc8 36.Nxb7 Rb8
37.Nxc5 Rxb4+ 38.Nb3 Rb6 39.d7 Rb7 40.Rc3 Rxd7 41.Rc5 Nxb3  0-1

[Event "JUG-chT"]
[Site "Nis"]
[Date "1994.??.??"]
[Round "?"]
[White "Dochev, Dimitar"]
[Black "Ribac, Dragoljub"]
[Result "1/2-1/2"]
[WhiteElo "2395"]
[BlackElo "2195"]

1.e4 c5 2.Nf3 e6 3.d4 cxd4 4.Nxd4 a6 5.Bd3 Nc6 6.Nxc6 bxc6 7.O-O Qc7 8.Qe2 d6
9.Kh1 Nf6 10.f4 e5 11.Nd2 Be7 12.Nf3 O-O 13.b3 Nd7 14.fxe5 Nxe5 15.Nxe5 dxe5
16.Bc4 Bc5 17.Bb2 a5 18.Rxf7 Rxf7 19.Rf1 Ba6 20.Rxf7 Bxc4 21.Rxc7 Bxe2 22.Bxe5 Rd8
23.h4 Rd1+ 24.Kh2 Bg1+ 25.Kg3 h5 26.Rxg7+ Kf8 27.Rc7 Rf1 28.Bd6+ Ke8 29.e5 Bf2+
30.Kh2 Bg1+ 31.Kg3 Bf2+ 32.Kh2 Bg1+  1/2-1/2

[Event "Olot op"]
[Site "Olot"]
[Date "1994.??.??"]
[Round "?"]
[White "Luther, Thomas"]
[Black "Valle, Adriano"]
[Result "1-0"]
[WhiteElo "2510"]
[BlackElo "2220"]

1.e4 c5 2.Nf3 e6 3.d4 cxd4 4.Nxd4 a6 5.Bd3 Bc5 6.Nb3 Ba7 7.Nc3 Nc6 8.Qe2 d6
9.Be3 Nge7 10.f4 O-O 11.Bxa7 Rxa7 12.O-O-O Qc7 13.Qh5 g6 14.Qh6 f5 15.g4 fxg4
16.h3 g3 17.Rhg1 b5 18.Rxg3 b4 19.Ne2 a5 20.Rdg1 a4 21.Nd2 Ba6 22.Bxa6 Rxa6
23.Nf3 Rf6 24.Ng5 Nc8 25.Nxh7  1-0

[Event "Osterskan op"]
[Site "Osterskan"]
[Date "1994.??.??"]
[Round "?"]
[White "Johansson, Thomas"]
[Black "Sjoberg, Mats"]
[Result "0-1"]
[WhiteElo "2110"]
[BlackElo "2460"]

1.e4 c5 2.Nf3 e6 3.d4 cxd4 4.Nxd4 a6 5.Bd3 Bc5 6.Nb3 Ba7 7.O-O Nc6 8.Qe2 d6
9.Be3 Nf6 10.Bxa7 Rxa7 11.f4 e5 12.Nc3 exf4 13.Rxf4 b5 14.Raf1 Be6 15.Qf2 Ng4
16.Rxg4 Bxg4 17.Nd4 Ne5 18.Ne6 Bxe6 19.Qxa7 Qc8 20.Kh1 O-O 21.Qb6 Qc5 22.Qxa6 Ng4
23.h3 Nf2+ 24.Kh2 Qe5+ 25.g3 Nxd3 26.cxd3 b4 27.Nd1 Qh5 28.Nf2 Qe2 29.Kg1 d5
30.exd5 Bxd5 31.Qd6 Qf3 32.Ne4 Qxd3 33.Nc5 Qd4+ 34.Rf2 Re8  0-1

[Event "HUN-ch U20"]
[Site "Paks"]
[Date "1994.??.??"]
[Round "?"]
[White "Torok, Jozsef"]
[Black "Fancsy, Imre"]
[Result "0-1"]
[WhiteElo "2260"]
[BlackElo "2400"]

1.e4 c5 2.Nf3 e6 3.d4 cxd4 4.Nxd4 a6 5.Bd3 Qc7 6.O-O Nf6 7.Qe2 d6 8.c4 g6
9.Nc3 Bg7 10.Be3 Nbd7 11.f4 O-O 12.Rac1 b6 13.Bb1 Bb7 14.Nb3 Rac8 15.Nd2 Qb8
16.Rfd1 Bc6 17.b4 Ba8 18.h3 Nh5 19.Qd3 Rfd8 20.Nb3 Bf8 21.Ne2 Qb7 22.Nd2 f5
23.Nc3 Ndf6 24.Qd4 Rb8 25.Nf3 h6 26.Nh4 Kh7 27.Kh2 Nxe4 28.Nxe4 fxe4 29.g4 Bg7
30.Qd2 Nf6 31.Qg2 Qf7 32.Qg1 b5 33.c5 d5 34.Bd4 Bc6 35.Rf1 Ne8 36.f5 exf5
37.gxf5 g5 38.Ng6 Bxd4 39.Qxd4 Qf6 40.Ne5 Rbc8 41.Rcd1 Ng7 42.Nxc6 Qxc6 43.Kg2 Nh5
44.Qe5 Nf6 45.Rde1 Rf8 46.Bc2 Rce8 47.Qd4 Nh5 48.Bb3 Rd8 49.Rd1 Qc7 50.Qe3 Nf4+
51.Kh1 Rxf5 52.Qg3 Qf7 53.Rfe1 Qf6 54.Re3 Rf8 55.a4 Kh8 56.axb5 axb5 57.Kg1 Nh5
58.Qg2 Rf2  0-1

[Event "Pardubice op"]
[Site "Pardubice"]
[Date "1994.??.??"]
[Round "3"]
[White "Klovans, Janis"]
[Black "Tunik, Gennady"]
[Result "0-1"]
[WhiteElo "2405"]
[BlackElo "2450"]

1.e4 c5 2.Nf3 e6 3.d4 cxd4 4.Nxd4 a6 5.Bd3 Bc5 6.Nb3 Ba7 7.Qe2 Nc6 8.Be3 d6
9.O-O Nf6 10.c4 Ne5 11.Nc3 O-O 12.Rfd1 Bxe3 13.Qxe3 Qc7 14.Be2 Nxc4 15.Bxc4 Qxc4
16.Rxd6 b5 17.e5 Ng4 18.Qf3 Rb8 19.Rd4 Nxe5 20.Qg3 Qc7 21.Rc1 f6 22.Nxb5 Qb6
23.Rc7 Ng6 24.Nc3 e5 25.Nd5 Qe6 26.Rd1 Rd8 27.Qd3 Kh8 28.Nc5 Qg8 29.Qf3 Rxb2
30.Rc1 Bg4 31.Qxg4 Qxd5 32.h4 Rg8 33.h5 Nf4 34.Rd7 Qxa2  0-1

[Event "Pardubice op2"]
[Site "Pardubice"]
[Date "1994.??.??"]
[Round "6"]
[White "Kucera, Tomas"]
[Black "Vodicka, Pavel"]
[Result "1/2-1/2"]
[WhiteElo "1860"]
[BlackElo "1985"]

1.e4 c5 2.Nf3 e6 3.d4 cxd4 4.Nxd4 a6 5.Bd3 Nc6 6.Be3 g6 7.O-O Bg7 8.Nxc6 bxc6
9.Nc3 Ne7 10.Qd2 O-O 11.Bh6 d5 12.Bxg7 Kxg7 13.e5 c5 14.Rad1 Qa5 15.Qg5 Ng8
16.f4 h6 17.Qg4 Ne7 18.Qh4 Qd8 19.Rf3 Bb7 20.Qf6+ Kh7 21.Rg3 Nf5 22.Qxd8 Raxd8
23.Bxf5 gxf5 24.Na4 Rc8 25.Rb3 Rc7 26.Nxc5 Rxc5 27.Rxb7 Rxc2 28.Rd3 Rc4 29.g3 Kg6
30.Rc3 Rfc8 31.Rbb3 Rxc3 32.Rxc3 Rxc3 33.bxc3 f6 34.Kf2 fxe5 35.fxe5 a5 36.a4  1/2-1/2

[Event "Pardubice op"]
[Site "Pardubice"]
[Date "1994.??.??"]
[Round "6"]
[White "Zhelnin, Vladimir V"]
[Black "Kuzmin, Gennadi P"]
[Result "1-0"]
[WhiteElo "2435"]
[BlackElo "2485"]

1.e4 e6 2.d4 c5 3.Nf3 cxd4 4.Nxd4 a6 5.Bd3 Qb6 6.c3 Nc6 7.O-O Nge7 8.Be3 Nxd4
9.cxd4 d5 10.Nc3 Bd7 11.Re1 Bc6 12.Rc1 Rd8 13.exd5 Nxd5 14.Nxd5 Rxd5 15.Be4 Qa5
16.Bd2 Qd8 17.Rxc6 bxc6 18.Qa4 Kd7 19.Bxd5 exd5 20.Ba5 Qb8 21.Qd1 c5 22.dxc5 Kc6
23.Re8  1-0

[Event "PER-ch"]
[Site "Peru"]
[Date "1994.??.??"]
[Round "5"]
[White "Robbiano Taboada, Carlo"]
[Black "Fuentes, Moises"]
[Result "0-1"]
[WhiteElo "2285"]
[BlackElo "2380"]

1.e4 c5 2.Nf3 e6 3.d4 cxd4 4.Nxd4 a6 5.Bd3 Nf6 6.O-O d6 7.c4 Be7 8.Nc3 O-O
9.Qe2 b6 10.Be3 Bb7 11.f4 Nbd7 12.Nb3 Re8 13.Rae1 Qc7 14.Bd4 e5 15.fxe5 dxe5
16.Be3 Bb4 17.Bd2 Bxc3 18.Bxc3 a5 19.Nd2 Qd6 20.Bc2 Nc5 21.Rd1 Qc6 22.Rf5 Nfd7
23.Qg4 Re6 24.Rdf1 Rf8 25.Nf3 Rg6 26.Rg5 Rxg5 27.Nxg5 f6 28.Nf3 Rf7 29.Rd1 Nxe4
30.Bxe4 Qxe4 31.Qxe4 Bxe4 32.b4 axb4 33.Bxb4 Nc5 34.Rd8+ Rf8 35.Rd6 Rb8 36.Nd2 Nd3
37.Nxe4 Nxb4 38.a3 Nc2 39.a4 Nd4 40.Nc3 Rc8 41.Nd5 Rxc4 42.Nxb6 Rc1+ 43.Kf2 Rc2+
44.Kf1 Ra2 45.Rd7 h5 46.Ra7 Kh7 47.Nd5 Kh6 48.h4 Nf5 49.a5 Nxh4 50.a6 Nxg2
51.Ra8 Nf4 52.Nb4 Ra1+ 53.Kf2 Kg5 54.a7 Ne6 55.Re8 Nc7 56.Re7 Rxa7 57.Rxg7+ Kf5
58.Rf7 Nb5 59.Rf8 Nd6 60.Nd5 Ne4+ 61.Kf3 Ng5+ 62.Kg3 Ra3+ 63.Kg2 Ne4 64.Rh8 Rg3+
65.Kh2  0-1